• Seglares

di Topical Term

Records bibliografici associati: 1

001 - CONTROL NUMBER

  • control field: 51718

003 - CONTROL NUMBER IDENTIFIER

  • control field: IT-RoINE

005 - DATE AND TIME OF LATEST TRANSACTION

  • control field: 20180717091908.0

008 - FIXED-LENGTH DATA ELEMENTS

  • fixed length control field: 180717|| aca||aabn | a|a d

040 ## - CATALOGING SOURCE

  • Original cataloging agency: IT-RoINE
  • Transcribing agency: IT-RoINE

150 ## - HEADING--TOPICAL TERM

  • Topical term or geographic name as entry element: Seglares
  • General subdivision: Iglesia Católica
  • Chronological subdivision: Siglos 11o.-12o.
  • Form subdivision: Congresos

670 ## - SOURCE DATA FOUND

  • Source citation: Work cat.: (IT-RoINE)0: Università cattolica del Sacro Cuore. Centro di studi medioevali. Settimana internazionale di studio (3ª. 1965. Passo della Mendola, Italia) 51717, I laici nella "Societas christiana" dei secoli XI e XII :, [1968]